The reality of justice in England's lower courts: behind the bench
| Autor principal: | |
|---|---|
| Tipo de documento: | Print Libro |
| Lenguaje: | Inglés |
| Publicado: |
Cham, Switzerland
Palgrave Macmillan
[2024]
|
| En: | Año: 2024 |
| Acceso en línea: |
Índice Texto de la solapa |
| Disponibilidad en Tübingen: | Disponible en Tübingen. UB: KB 21 A 4651 |
| Verificar disponibilidad: | HBZ Gateway |
| Servicio de pedido Subito: | Pedir ahora. |
| Palabras clave: | |
| Parallel Edition: | Electrónico
|
MARC
| LEADER | 00000cam a2200000 c 4500 | ||
|---|---|---|---|
| 001 | 1912179288 | ||
| 003 | DE-627 | ||
| 005 | 20260424225141.0 | ||
| 007 | tu | ||
| 008 | 241212s2024 sz ||||| 00| ||eng c | ||
| 020 | |a 3031745671 |9 3-031-74567-1 | ||
| 020 | |a 9783031745676 |q Festeinband |9 978-3-031-74567-6 | ||
| 035 | |a (DE-627)1912179288 | ||
| 035 | |a (DE-599)KXP1912179288 | ||
| 035 | |a (OCoLC)1531080947 | ||
| 040 | |a DE-627 |b ger |c DE-627 |e rda | ||
| 041 | |a eng | ||
| 044 | |c XA-CH | ||
| 072 | 7 | |a JKV |2 bicssc | |
| 072 | 7 | |a SOC004000 |2 bisacsh | |
| 082 | 0 | |a 364.01 |q SEPA |2 23 | |
| 084 | |a 2,1 |2 ssgn | ||
| 100 | 1 | |a Peatfield, Elizabeth |e VerfasserIn |0 (DE-588)1354639588 |0 (DE-627)1915799716 |4 aut | |
| 109 | |a Peatfield, Elizabeth |a Peatfield, Elizabeth-Jane | ||
| 245 | 1 | 4 | |a The reality of justice in England's lower courts |b behind the bench |c Elizabeth Peatfield |
| 264 | 1 | |a Cham, Switzerland |b Palgrave Macmillan |c [2024] | |
| 264 | 4 | |c © 2024 | |
| 300 | |a xvi, 114 Seiten |b Illustrationen | ||
| 336 | |a Text |b txt |2 rdacontent | ||
| 337 | |a ohne Hilfsmittel zu benutzen |b n |2 rdamedia | ||
| 338 | |a Band |b nc |2 rdacarrier | ||
| 490 | 0 | |a Palgrave pivot | |
| 583 | 1 | |a Archivierung/Langzeitarchivierung gewährleistet |f FID |x XA-DE-BW |2 pdager |5 DE-21 | |
| 689 | 0 | 0 | |d g |0 (DE-588)4014770-8 |0 (DE-627)10466553X |0 (DE-576)208909346 |a England |2 gnd |
| 689 | 0 | 1 | |d s |0 (DE-588)4196726-4 |0 (DE-627)105201766 |0 (DE-576)210109688 |a Magistrates' court |2 gnd |
| 689 | 0 | 2 | |d s |0 (DE-588)4020310-4 |0 (DE-627)106318578 |0 (DE-576)208932763 |a Gerechtigkeit |2 gnd |
| 689 | 0 | 3 | |d s |0 (DE-588)4055736-4 |0 (DE-627)104270470 |0 (DE-576)209115173 |a Soziale Ungleichheit |2 gnd |
| 689 | 0 | 4 | |d s |0 (DE-588)4116483-0 |0 (DE-627)105806331 |0 (DE-576)209501960 |a Sexismus |2 gnd |
| 689 | 0 | 5 | |d s |0 (DE-588)4076527-1 |0 (DE-627)10445184X |0 (DE-576)209202130 |a Rassismus |2 gnd |
| 689 | 0 | 6 | |d s |0 (DE-588)4126412-5 |0 (DE-627)105732591 |0 (DE-576)209584874 |a Psychische Gesundheit |2 gnd |
| 689 | 0 | |5 (DE-627) | |
| 776 | 1 | |z 9783031745683 |c eBook | |
| 776 | 0 | 8 | |i Erscheint auch als |n Online-Ausgabe |a Peatfield, Elizabeth |t The reality of justice in England's lower courts |d Cham : Palgrave Macmillan, 2024 |h 1 Online-Ressource (xvi, 114 Seiten) |w (DE-627)1908295953 |z 9783031745683 |k Electronic |
| 856 | 4 | 2 | |u https://swbplus.bsz-bw.de/bsz1912179288inh.htm |m V:DE-576 |m B:DE-Frei85 |v 20250129193258 |3 Inhaltsverzeichnis |7 1 |
| 856 | 4 | 2 | |u https://swbplus.bsz-bw.de/bsz1912179288kla.htm |m V:DE-576 |m B:DE-21 |v 20260424200921 |3 Klappentext |7 1 |
| 935 | |a mkri | ||
| 951 | |a BO | ||
| ELC | |b 1 | ||
| LOK | |0 000 xxxxxcx a22 zn 4500 | ||
| LOK | |0 001 4754806654 | ||
| LOK | |0 003 DE-627 | ||
| LOK | |0 004 1912179288 | ||
| LOK | |0 005 20251021161149 | ||
| LOK | |0 008 250807||||||||||||||||ger||||||| | ||
| LOK | |0 040 |a DE-21 |c DE-627 |d DE-21 | ||
| LOK | |0 852 |a DE-21 | ||
| LOK | |0 852 1 |c KB 21 A 4651 |9 00 | ||
| LOK | |0 935 |a krim | ||
| LOK | |0 938 |a 2510 |f 34 | ||
| LOK | |0 939 |a 2025-08-07 |b l01 | ||
| LOK | |0 000 xxxxxcx a22 zn 4500 | ||
| LOK | |0 001 4635052966 | ||
| LOK | |0 003 DE-627 | ||
| LOK | |0 004 1912179288 | ||
| LOK | |0 005 20250128170417 | ||
| LOK | |0 008 241212||||||||||||||||ger||||||| | ||
| LOK | |0 040 |a DE-Frei85 |c DE-627 |d DE-Frei85 | ||
| LOK | |0 852 |a DE-Frei85 | ||
| LOK | |0 852 1 |m p |9 00 | ||
| LOK | |0 938 |k p | ||
| LOK | |0 939 |a 2024-12-12 |b l01 | ||
| ORI | |a WA-MARC-krimdoka001.raw | ||
| SIG | |a UB: KB 21 A 4651 | ||
| TIM | |a 000000000000_100017071231 |b - 1707 | ||
